000 00839nam0a22002411 4500
001 rc\175860
005 20030307113304.0
035 _a(NLR Aleph) 005436947
090 _a4716346
_c4716346
100 _a20030307d1993 u |0rusy50 ca
101 0 _arus
102 _aRU
105 _aa |||||||||
200 1 _aЭвристика, методология и диалектика моделирования
_fРос. акад. с.-х. наук. Владимир. НИИ сел. хоз-ва
210 _aСуздаль
_cБ. и.
_d1993
215 _a151, [1] с.
_cил.
_d20
320 _aБиблиогр. в конце частей
700 1 _aПотапков
_bА. Г.
_f1951-
_gАлександр Григорьевич
801 0 _aRU
_bNLR
_gpsbo
801 1 _aRU
_bELAR
_2rusmarc
852 _aNLR
_j93-3/6331
942 _cBOOK
980 _aNB